000 00482nam a2200217Ia 4500
003 OSt
005 20221007111452.0
006 a|||||r|||| 00| 0
007 ta
008 221006b |||||||| |||| 00| 0 eng d
024 _a23,590
037 _cTextual
040 _aLCO
_cLCO
_beng
041 _2eng
_aeng
100 _aShukla
245 0 _aCurrent Circular on Direct Taxes
260 _c1977
650 _aTAX
942 _cTEXL
999 _c1193153
_d1193153